Random Internet Country Codes - Statistics

General Stats
  • This quiz has been taken 15 times
  • The average score is 25 of 30
Answer Stats
Country/Territory ccTLD % Correct
Ascension Island .ac
100%
United Arab Emirates .ae
100%
Afghanistan .af
100%
Antigua and Barbuda .ag
100%
Anguilla .ai
100%
Armenia .am
100%
Angola .ao
100%
Argentina .ar
100%
American Samoa .as
100%
Azerbaijan .az
100%
Bosnia and Herzegovina .ba
100%
Bangladesh .bd
100%
Bulgaria .bg
100%
Burundi .bi
100%
Benin .bj
100%
Brunei .bn
100%
Bolivia .bo
100%
Brazil .br
100%
Bahamas .bs
100%
Bhutan .bt
100%
Belarus .by
100%
Belize .bz
100%
Canada .ca
100%
Republic of the Congo .cg
100%
Cook Islands .ck
100%
Chile .cl
100%
Cameroon .cm
100%
Colombia .co
100%
Costa Rica .cr
100%
Cuba .cu
100%
Cape Verde .cv
100%
Cyprus .cy
100%
Czech Republic .cz
100%
Djibouti .dj
100%
Dominican Republic .do
100%
Estonia .ee
100%
Egypt .eg
100%
Ethiopia .et
100%
Finland .fi
100%
France .fr
100%
Georgia .ge
100%
Gibraltar .gi
100%
Guadeloupe .gp
100%
Greece .gr
100%
Hong Kong .hk
100%
Croatia .hr
100%
Hungary .hu
100%
Republic of Ireland .ie
100%
India .in
100%
Italy .it
100%
Jersey .je
100%
Japan .jp
100%
Kenya .ke
100%
Kyrgyzstan .kg
100%
Comoros .km
100%
St. Kitts and Nevis .kn
100%
South Korea .kr
100%
Kuwait .kw
100%
Laos .la
100%
Lebanon .lb
100%
Sri Lanka .lk
100%
Lesotho .ls
100%
Lithuania .lt
100%
Luxembourg .lu
100%
Latvia .lv
100%
Libya .ly
100%
Moldova .md
100%
Montenegro .me
100%
Malawi .mw
100%
Malaysia .my
100%
Mozambique .mz
100%
Namibia .na
100%
Niger .ne
100%
Norfolk Island .nf
100%
Nigeria .ng
100%
Netherlands .nl
100%
Norway .no
100%
Nepal .np
100%
Oman .om
100%
Panama .pa
100%
Philippines .ph
100%
Pakistan .pk
100%
Saint-Pierre and Miquelon .pm
100%
Pitcairn Islands .pn
100%
Palestine .ps
100%
Portugal .pt
100%
Paraguay .py
100%
Qatar .qa
100%
Réunion .re
100%
Romania .ro
100%
Russia .ru
100%
Rwanda .rw
100%
Seychelles .sc
100%
Sudan .sd
100%
Sweden .se
100%
Slovakia .sk
100%
Sierra Leone .sl
100%
Suriname .sr
100%
Soviet Union .su
100%
Eswatini .sz
100%
French Southern and Antarctic Lands .tf
100%
Thailand .th
100%
Tokelau .tk
100%
Timor-Leste .tl
100%
Turkmenistan .tm
100%
Tonga .to
100%
Türkiye .tr
100%
Trinidad and Tobago .tt
100%
Taiwan .tw
100%
Tanzania .tz
100%
Ukraine .ua
100%
Uganda .ug
100%
Uruguay .uy
100%
Vatican City .va
100%
Vietnam .vn
100%
Vanuatu .vu
100%
South Africa .za
100%
Zambia .zm
100%
Zimbabwe .zw
100%
US Virgin Islands .vi
75%
Mongolia .mn
67%
Saint Helena, Ascension, and Tristan de Cunha .sh
67%
Wallis and Futuna .wf
67%
Bermuda .bm
50%
Botswana .bw
50%
French Guiana .gf
50%
Heard Island and McDonald Islands .hm
50%
Morocco .ma
50%
North Macedonia .mk
50%
Maldives .mv
50%
Central African Republic .cf
25%
Andorra .ad
0%
Albania .al
0%
Antarctica .aq
0%
Austria .at
0%
Australia .au
0%
Aruba .aw
0%
Åland .ax
0%
Barbados .bb
0%
Belgium .be
0%
Burkina Faso .bf
0%
Bahrain .bh
0%
Caribbean Netherlands .bq
0%
Cocos (Keeling) Islands .cc
0%
Democratic Republic of the Congo .cd
0%
Switzerland .ch
0%
Côte d’Ivoire .ci
0%
People’s Republic of China .cn
0%
Curaçao .cw
0%
Christmas Island .cx
0%
Germany .de
0%
Denmark .dk
0%
Dominica .dm
0%
Algeria .dz
0%
Ecuador .ec
0%
Western Sahara .eh
0%
Eritrea .er
0%
Spain .es
0%
European Union .eu
0%
Fiji .fj
0%
Falkland Islands .fk
0%
Federated States of Micronesia .fm
0%
Faroe Islands .fo
0%
Gabon .ga
0%
Grenada .gd
0%
Guernsey .gg
0%
Ghana .gh
0%
Greenland .gl
0%
The Gambia .gm
0%
Guinea .gn
0%
Equatorial Guinea .gq
0%
South Georgia and the South Sandwich Islands .gs
0%
Guatemala .gt
0%
Guam .gu
0%
Guinea-Bissau .gw
0%
Guyana .gy
0%
Honduras .hn
0%
Haiti .ht
0%
Indonesia .id
0%
Israel .il
0%
Isle of Man .im
0%
British Indian Ocean Territory .io
0%
Iraq .iq
0%
Iran .ir
0%
Iceland .is
0%
Jamaica .jm
0%
Jordan .jo
0%
Cambodia .kh
0%
Kiribati .ki
0%
North Korea .kp
0%
Cayman Islands .ky
0%
Kazakhstan .kz
0%
St. Lucia .lc
0%
Liechtenstein .li
0%
Liberia .lr
0%
Monaco .mc
0%
Madagascar .mg
0%
Marshall Islands .mh
0%
Mali .ml
0%
Myanmar .mm
0%
Macau .mo
0%
Northern Mariana Islands .mp
0%
Martinique .mq
0%
Mauritania .mr
0%
Montserrat .ms
0%
Malta .mt
0%
Mauritius .mu
0%
Mexico .mx
0%
New Caledonia .nc
0%
Nicaragua .ni
0%
Nauru .nr
0%
Niue .nu
0%
New Zealand .nz
0%
Peru .pe
0%
French Polynesia .pf
0%
Papua New Guinea .pg
0%
Poland .pl
0%
Puerto Rico .pr
0%
Palau .pw
0%
Serbia .rs
0%
Saudi Arabia .sa
0%
Solomon Islands .sb
0%
Singapore .sg
0%
Slovenia .si
0%
San Marino .sm
0%
Senegal .sn
0%
Somalia .so
0%
South Sudan .ss
0%
São Tomé and Principe .st
0%
El Salvador .sv
0%
Sint Maarten .sx
0%
Syria .sy
0%
Turks and Caicos .tc
0%
Chad .td
0%
Togo .tg
0%
Tajikistan .tj
0%
Tunisia .tn
0%
Tuvalu .tv
0%
United Kingdom .uk
0%
United States of America .us
0%
Uzbekistan .uz
0%
St. Vincent and the Grenadines .vc
0%
Venezuela .ve
0%
British Virgin Islands .vg
0%
Samoa .ws
0%
Yemen .ye
0%
Mayotte .yt
0%
No matching quizzes found
Score Distribution
Percent of People with Each Score
Percentile by Number Answered
Your Score History
You have not taken this quiz